A History of the Faculty of Arts at the University of Adelaide 1876-2012 (Record no. 20439)

MARC details
000 -LEADER
fixed length control field 00770nam a2200121Ia 4500
008 - FIXED-LENGTH DATA ELEMENTS--GENERAL INFORMATION
fixed length control field 220616s9999||||xx |||||||||||||| ||und||
245 #2 - TITLE STATEMENT
Title A History of the Faculty of Arts at the University of Adelaide 1876-2012
546 ## - LANGUAGE NOTE
Language note English[eng]
650 ## - SUBJECT ADDED ENTRY--TOPICAL TERM
Topical term or geographic name entry element faculty of arts||social siences||1876||university of adelaide||university history||humanities||Australia||Bachelor of Arts
700 ## - ADDED ENTRY--PERSONAL NAME
Personal name Harvey, Nick||Fornasiero, Jean||McCarthy, Greg||Macintyre, Clem||Crossin, Carl
856 ## - ELECTRONIC LOCATION AND ACCESS
Uniform Resource Identifier <a href="https://library.oapen.org/bitstream/20.500.12657/33189/1/560015.pdf||https://library.oapen.org/bitstream/20.500.12657/33189/1/560015.pdf||https://library.oapen.org/bitstream/20.500.12657/33189/1/560015.pdf||https://library.oapen.org/bitstream/20.500.12657/33189/1/560015.pdf">https://library.oapen.org/bitstream/20.500.12657/33189/1/560015.pdf||https://library.oapen.org/bitstream/20.500.12657/33189/1/560015.pdf||https://library.oapen.org/bitstream/20.500.12657/33189/1/560015.pdf||https://library.oapen.org/bitstream/20.500.12657/33189/1/560015.pdf</a>
942 ## - ADDED ENTRY ELEMENTS (KOHA)
Koha item type E-Books
Holdings
Withdrawn status Lost status Damaged status Not for loan Home library Current library Date acquired Total Checkouts Date last seen Price effective from Koha item type
        Kerala University of Digital Sciences, Innovation and Technology Knowledge Centre Kerala University of Digital Sciences, Innovation and Technology Knowledge Centre 16/06/2022   16/06/2022 16/06/2022 E-Books